Mass Transfer: (Record no. 565783)

000 -LEADER
fixed length control field 00354nam a2200133Ia 4500
008 - FIXED-LENGTH DATA ELEMENTS--GENERAL INFORMATION
fixed length control field 210430s9999 xx 000 0 und d
020 ## - INTERNATIONAL STANDARD BOOK NUMBER
International Standard Book Number 9788120345416
082 ## - DEWEY DECIMAL CLASSIFICATION NUMBER
Classification number 660.28422 S615M
100 ## - MAIN ENTRY--PERSONAL NAME
Personal name Sinha, A.P.
9 (RLIN) 54888
245 ## - TITLE STATEMENT
Title Mass Transfer:
Statement of responsibility, etc. Sinha, A.P.
260 ## - PUBLICATION, DISTRIBUTION, ETC.
Place of publication, distribution, etc. New Dehli.
Name of publisher, distributor, etc. PHI Learning Pvt Ltd.
Date of publication, distribution, etc. 2012
300 ## - PHYSICAL DESCRIPTION
Extent 672p.
942 ## - ADDED ENTRY ELEMENTS (KOHA)
Koha item type Reference
Source of classification or shelving scheme
Holdings
Withdrawn status Lost status Source of classification or shelving scheme Damaged status Not for loan Permanent Location Current Location Shelving location Date acquired Total Checkouts Total Renewals Full call number Barcode Date last seen Date last checked out Price effective from Koha item type
          School of Chemical & Materials Engineering (SCME) School of Chemical & Materials Engineering (SCME) Reference 12/16/8 1 1 660.28422 S615M SCME-4732 06/16/2025 01/13/2025 04/30/2021 Book
© 2023 Central Library, National University of Sciences and Technology. All Rights Reserved.